| 000 | 00442nam a22001577a 4500 | ||
|---|---|---|---|
| 003 | SGT | ||
| 020 | _a8174092161 | ||
| 082 |
_a629.2 _bGIR |
||
| 100 | _aGIRI,N.K | ||
| 245 | _aAUTOMOBILE MECHANICS | ||
| 260 |
_aNEW DELHI _bKHANNA PUBLISHERS _c2014 |
||
| 300 | _a1015 | ||
| 650 | _aAUTOMOBILE ENGINEERING | ||
| 653 | _aAUTOMOBILE,POWER UNIT,ENGINE CONSTRUCTION AND PERFORMANCE,FUEL AND COMBUSTION, SI & CI ENGINE FUEL SYSTEM | ||
| 942 |
_2ddc _cBK |
||
| 999 |
_c8194 _d8194 |
||